Statistics for Musical Acts by Letter - O

Click here to take the quiz!

General Stats

  • This quiz has been taken 5,931 times
  • The average score is 5 of 7

Answer Stats

Years ActiveCountrySongsBand or Artist% Correct
1994 - 2009Wonderwall | Don't Look Back in AngerOasis
92%
1992 - 2006Ms. Jackson | Hey Ya!Outkast
84%
2011 - 2016 What Makes You Beautiful | Live While We're YoungOne Direction
80%
2007 -Counting Stars | ApologizeOneRepublic
74%
1971 - Physical | Hopelessly Devoted to YouOlivia Newton-John
65%
1980 -Crazy Train | Mr CrowleyOzzy Osbourne
61%
1962 - 1967(Sittin' On) The Dock of the Bay | RespectOtis Redding
57%

Score Distribution

Percentile by Number Answered

Percent of People with Each Score

Your Score History

You have not taken this quiz